000
00249nam a2200097Ia 4500
008
230915s9999 xx 000 0 und d
050
_a
SB 484 .B 38 2005
100
_a
IGOR,BYSHNYOV
245
0
_a
AMONG DENSE FORESTS AND BOGS OF BELARUS
942
_c
BK
999
_c
201884
_d
201884